[Event "Women's Speed Chess Q2"]
[Site "chess.com INT"]
[Date "2020.06.19"]
[Round "5"]
[White "Batsiashvili, Nino"]
[Black "Mamedjarova, Turkan"]
[Result "1/2-1/2"]
[WhiteTitle "GM"]
[BlackTitle "WGM"]
[WhiteElo "2457"]
[BlackElo "2309"]
[WhiteFideId "13602993"]
[BlackFideId "13402005"]
[EventDate "2020.06.19"]

1. d4 d5 2. Nf3 Nf6 3. Bf4 e6 4. Nbd2 Bd6 5. Bg5 Nbd7 6. e4 dxe4 7. Nxe4 Be7 8.
Bxf6 Nxf6 9. Bd3 O-O 10. Qe2 Nxe4 11. Qxe4 f5 12. Qe3 Bf6 13. O-O Qd6 14. Rfe1
Rd8 15. c3 c5 16. Bc4 cxd4 17. cxd4 Bxd4 18. Nxd4 Qxd4 19. Bxe6+ Bxe6 20. Qxe6+
Kh8 21. Re2 h6 22. Rae1 Rf8 23. Qe5 Qc4 24. b3 Qc6 25. Qe6 Qc3 26. Qe5 Qc6 27.
Qf4 Rae8 28. h4 Rxe2 29. Rxe2 Qd5 30. Re3 Qd1+ 31. Kh2 Qd7 32. Rg3 Re8 33. h5
Re4 34. Qc1 Qd8 35. Re3 Qh4+ 36. Kg1 Rxe3 37. Qxe3 Qxh5 38. Qxa7 Qd1+ 39. Kh2
Qh5+ 40. Kg1 Qd1+ 41. Kh2 Qh5+ 42. Kg1 1/2-1/2

[Event "Women's Speed Chess Q2"]
[Site "chess.com INT"]
[Date "2020.06.19"]
[Round "5"]
[White "Dauletova, Gulmira"]
[Black "Kabanova, Ekaterina"]
[Result "1-0"]
[WhiteTitle "WIM"]
[BlackTitle "WFM"]
[WhiteElo "2319"]
[BlackElo "2138"]
[WhiteFideId "13702971"]
[BlackFideId "24112917"]
[EventDate "2020.06.19"]

1. e4 c5 2. Nf3 e6 3. d4 cxd4 4. Nxd4 a6 5. c4 Qc7 6. Nc3 b6 7. a3 d6 8. Be3 Bb7
9. Be2 Nd7 10. O-O Ngf6 11. f3 Be7 12. Rc1 Rc8 13. b4 O-O 14. Qd2 Rfe8 15. Kh1
Qb8 16. Rfd1 Ne5 17. Na4 Ned7 18. Nb3 Qc7 19. Bf1 h6 20. Qf2 Bd8 21. c5 bxc5 22.
bxc5 dxc5 23. Naxc5 Nxc5 24. Nxc5 Qe7 25. Nxa6 Rxc1 26. Bxc1 Ba5 27. Nc5 Bc6 28.
Be3 Rd8 29. Rxd8+ Qxd8 30. Qc2 Qa8 31. a4 g5 32. Bb5 Bb7 33. Qb2 Nh5 34. Bd4 Bc6
35. Bxc6 Qxc6 36. Qb8+ Kh7 37. Qh8+ Kg6 38. Qg8+ Ng7 39. Qxg7+ Kh5 40. g4+ Kh4
41. Qxh6# 1-0

[Event "Women's Speed Chess Q2"]
[Site "chess.com INT"]
[Date "2020.06.19"]
[Round "5"]
[White "Munkhzul, Davaakhuu"]
[Black "Mikheeva, Galina"]
[Result "1-0"]
[WhiteTitle "WFM"]
[BlackTitle "WFM"]
[WhiteElo "1991"]
[BlackElo "1901"]
[WhiteFideId "4902815"]
[BlackFideId "44108320"]
[EventDate "2020.06.19"]

1. e4 e5 2. Nf3 Nc6 3. Bb5 Nd4 4. Nxd4 exd4 5. c3 Bc5 6. O-O c6 7. Bc4 d6 8. d3
Qf6 9. b4 Bb6 10. Bb2 Ne7 11. cxd4 Bxd4 12. Bxd4 Qxd4 13. Nd2 O-O 14. Nf3 Qf6
15. h3 d5 16. Bb3 dxe4 17. dxe4 Qg6 18. Kh1 Qxe4 19. a3 Ng6 20. Re1 Qf4 21. Bc2
Bf5 22. Bxf5 Qxf5 23. Qb3 Rfe8 24. Rad1 h6 25. Kg1 Nf4 26. Nd4 Qg6 27. Qf3 Rxe1+
28. Rxe1 Nd5 29. Nf5 Kh7 30. b5 Rd8 31. bxc6 bxc6 32. Rc1 Qf6 33. Qe4 g6 34. Nd4
Qe6 35. Nxe6 1-0

[Event "Women's Speed Chess Q2"]
[Site "chess.com INT"]
[Date "2020.06.19"]
[Round "5"]
[White "Fernandez, Maria Florencia"]
[Black "Mrudul, Dehankar"]
[Result "0-1"]
[WhiteTitle "WIM"]
[BlackTitle "WIM"]
[WhiteElo "2229"]
[BlackElo "2256"]
[WhiteFideId "116459"]
[BlackFideId "25096990"]
[EventDate "2020.06.19"]

1. d4 Nf6 2. c4 e6 3. Nf3 Bb4+ 4. Nbd2 b6 5. a3 Bxd2+ 6. Bxd2 Bb7 7. e3 O-O 8.
Bd3 Ne4 9. Bc1 a5 10. b3 f5 11. O-O Rf6 12. Bb2 Rg6 13. Rc1 d6 14. Be2 Nd7 15.
d5 e5 16. Nd2 Nxd2 17. Qxd2 Nc5 18. f3 Nxb3 19. Qc2 Nxc1 20. Rxc1 Qg5 21. Bd3
Qxe3+ 22. Kh1 Rh6 23. Bxf5 Qf4 24. h3 Bc8 25. Bxc8 Rxc8 26. Re1 Rg6 27. Bc1 Qf6
28. Be3 Rf8 29. Qd2 Qh4 30. Rg1 Qh5 31. Kh2 Rgf6 32. Rf1 Qf5 33. Qc3 R6f7 34. c5
bxc5 35. Qxa5 Qd3 36. Re1 Qxd5 37. Qc3 Ra8 38. Qc2 Rff8 0-1

[Event "Women's Speed Chess Q2"]
[Site "chess.com INT"]
[Date "2020.06.19"]
[Round "5"]
[White "Padmini, Rout"]
[Black "Zvereva, Margarita"]
[Result "1-0"]
[WhiteTitle "IM"]
[BlackTitle "WFM"]
[WhiteElo "2370"]
[BlackElo "1929"]
[WhiteFideId "5029295"]
[BlackFideId "34177741"]
[EventDate "2020.06.19"]

1. Nf3 d5 2. g3 Nf6 3. Bg2 e6 4. O-O Be7 5. d3 O-O 6. Nbd2 c5 7. e4 dxe4 8. dxe4
Nc6 9. c3 Qc7 10. Re1 Rd8 11. e5 Nd5 12. Qe2 b6 13. h4 Bb7 14. Qe4 h6 15. Qg4
Bf8 16. Nf1 Kh8 17. N1h2 Nce7 18. h5 Nf5 19. Qh3 c4 20. g4 Nfe7 21. g5 Nf5 22.
Ng4 Kh7 23. gxh6 gxh6 24. Nh4 Nxh4 25. Qxh4 Qe7 26. Be4+ Kh8 27. Qxe7 Bxe7 28.
Nxh6 Rab8 29. Nxf7+ Kg7 30. Nxd8 Rxd8 31. Kh2 Kh8 32. Rg1 Rf8 33. Rg2 Ba8 34.
Bh6 Rf7 35. Rag1 Nf4 36. Rg8# 1-0

[Event "Women's Speed Chess Q2"]
[Site "chess.com INT"]
[Date "2020.06.19"]
[Round "5"]
[White "Zhuravleva, Olga"]
[Black "Doluhanova, Evgeniya"]
[Result "1/2-1/2"]
[WhiteTitle "WIM"]
[BlackTitle "WGM"]
[WhiteElo "2278"]
[BlackElo "2229"]
[WhiteFideId "4145933"]
[BlackFideId "14112035"]
[EventDate "2020.06.19"]

1. e4 e5 2. Nf3 Nc6 3. Bc4 Bc5 4. c3 Nf6 5. d3 O-O 6. O-O d5 7. exd5 Nxd5 8. h3
Be6 9. Nbd2 a6 10. Ne4 Be7 11. Re1 b5 12. Bb3 h6 13. a4 Qd7 14. Ng3 Bf6 15. Bc2
Rad8 16. axb5 axb5 17. Qe2 g5 18. Ne4 Bg7 19. Nc5 Qe7 20. Nxe6 Qxe6 21. Bb3 Qf5
22. Ra6 Nb8 23. Ra8 Nf4 24. Bxf4 exf4 25. d4 Nd7 26. Rxd8 Rxd8 27. Qe7 Ra8 28.
Nd2 Bf8 29. Qe2 Nf6 30. Nf3 Re8 31. Qd1 Rxe1+ 32. Qxe1 Kg7 33. Qe2 Bd6 34. Bc2
Qe6 35. Qxe6 fxe6 36. Bd3 c6 37. Nd2 Nd5 38. Kf1 Be7 39. Ke2 Kf6 40. Ne4+ Kf7
41. Kd2 Nf6 42. Nxf6 Kxf6 43. Be4 c5 44. dxc5 Bxc5 45. f3 Ke5 46. Kd3 b4 47.
cxb4 Bxb4 48. b3 1/2-1/2

[Event "Women's Speed Chess Q2"]
[Site "chess.com INT"]
[Date "2020.06.19"]
[Round "5"]
[White "Antova, Gabriela"]
[Black "Kucharska, Honorata"]
[Result "1-0"]
[WhiteTitle "FM"]
[BlackTitle "WFM"]
[WhiteElo "2255"]
[BlackElo "2113"]
[WhiteFideId "2915235"]
[BlackFideId "1163868"]
[EventDate "2020.06.19"]

1. e4 e6 2. d4 d5 3. Nd2 c5 4. exd5 exd5 5. Bb5+ Nc6 6. Ngf3 Bd6 7. dxc5 Bxc5 8.
O-O Ne7 9. Nb3 Bb6 10. Re1 O-O 11. Bd3 Bf5 12. Bg5 Bxd3 13. Qxd3 f6 14. Bh4 Qd7
15. Rad1 Nb4 16. Qd2 a5 17. c3 Nbc6 18. Nbd4 Nxd4 19. Nxd4 Ng6 20. Bg3 Rfe8 21.
h3 Ne5 22. Ne2 Rad8 23. Qc2 Qc6 24. Qf5 Qc4 25. Nd4 Bxd4 26. cxd4 Ng6 27. b3 Qc6
28. h4 Rxe1+ 29. Rxe1 Qd7 30. Qxd7 Rxd7 31. Re8+ Kf7 32. Ra8 Ne7 33. Rxa5 Nc6
34. Ra4 b5 35. Ra6 Nxd4 36. Rb6 Ne2+ 37. Kf1 1-0

[Event "Women's Speed Chess Q2"]
[Site "chess.com INT"]
[Date "2020.06.19"]
[Round "5"]
[White "Soumya, Swaminathan"]
[Black "Maklakova, Nellija"]
[Result "1-0"]
[WhiteTitle "IM"]
[WhiteElo "2351"]
[BlackElo "1833"]
[WhiteFideId "5016193"]
[BlackFideId "11603470"]
[EventDate "2020.06.19"]

1. Nf3 g6 2. e4 Bg7 3. d4 d6 4. c3 e5 5. dxe5 dxe5 6. Qxd8+ Kxd8 7. Bc4 f5 8.
Bg5+ Ke8 9. exf5 gxf5 10. O-O Ne7 11. Re1 e4 12. Nd4 c5 13. Nb5 Na6 14. Nd6+ Kd7
15. Rd1 Nc6 16. Nxf5+ Kc7 17. Nxg7 Bg4 18. f3 exf3 19. gxf3 Bxf3 20. Rf1 Bg4 21.
Na3 Kb6 22. Bb3 Nc7 23. Nc4+ Ka6 24. Nd6 b5 25. a4 Rad8 26. axb5+ Kb6 27. Nf7
Nxb5 28. Nxd8 Nxd8 29. Rf6+ Kb7 30. Bd5+ Kb8 31. Bf4+ Kc8 32. c4 Nd4 33. Rxa7
Ne2+ 34. Kf2 Nxf4 35. Rxf4 Bh3 36. Rf6 Bg4 37. Rb6 1-0

[Event "Women's Speed Chess Q2"]
[Site "chess.com INT"]
[Date "2020.06.19"]
[Round "5"]
[White "Sharmin, Samiha Shimmi"]
[Black "Limontaite, Simona"]
[Result "0-1"]
[WhiteTitle "WCM"]
[BlackTitle "WIM"]
[WhiteElo "1812"]
[BlackElo "2171"]
[WhiteFideId "10203087"]
[BlackFideId "12802506"]
[EventDate "2020.06.19"]

1. e4 c5 2. Nf3 Nc6 3. d4 cxd4 4. Nxd4 Nf6 5. Nc3 e5 6. Ndb5 Bc5 7. Nd6+ Ke7 8.
Nf5+ Kf8 9. Bg5 Bb4 10. Qd3 h6 11. Bh4 g6 12. Nd6 Nd4 13. Nc4 d6 14. a3 Bc5 15.
b4 Bb6 16. Nd5 g5 17. Ndxb6 axb6 18. Bg3 b5 19. Ne3 Be6 20. Be2 Qc7 21. f3 Rc8
22. Bd1 Qc3+ 23. Qxc3 Rxc3 24. Kd2 Rc7 25. Nf5 Nxf5 26. exf5 Bxf5 27. h4 g4 28.
fxg4 Bxg4 29. Rf1 Bxd1 30. Raxd1 Kg7 31. Kc1 Ne4 32. Be1 Kg6 33. Rf3 f5 34. g3
h5 35. Bf2 Rf8 36. Bg1 Rff7 37. Rdf1 d5 38. Rd3 d4 39. Bh2 Rc6 40. Bg1 Rfc7 41.
Kb1 Rxc2 42. Rdf3 Nd2+ 43. Ka1 Nxf3 44. Rxf3 Rc1+ 0-1

[Event "Women's Speed Chess Q2"]
[Site "chess.com INT"]
[Date "2020.06.19"]
[Round "5"]
[White "Morris-Suzuki, Sophie"]
[Black "Protopopova, Anastasiya"]
[Result "1-0"]
[WhiteTitle "WFM"]
[BlackTitle "WFM"]
[WhiteElo "2043"]
[BlackElo "2192"]
[WhiteFideId "30922615"]
[BlackFideId "24172073"]
[EventDate "2020.06.19"]

1. e4 c6 2. d4 d5 3. e5 Bf5 4. h4 h5 5. Bd3 Bxd3 6. Qxd3 Qa5+ 7. Nc3 Qa6 8. Qh3
e6 9. Nge2 c5 10. O-O Nc6 11. dxc5 Bxc5 12. Qg3 g6 13. Bg5 Nge7 14. Bf6 Rg8 15.
Nf4 Nf5 16. Qh3 Bd4 17. Rae1 Qb6 18. Qf3 Qxb2 19. Ncxd5 exd5 20. Nxd5 Qxa2 21.
e6 fxe6 22. Rxe6+ Kf7 23. Rfe1 Rae8 24. Qe4 Rd8 25. Bxd4 Qxd5 26. Rf6+ Kg7 27.
Rd6+ Qxd4 28. Rxd4 Rxd4 29. Qe6 Rgd8 30. g3 Rd1 31. Kg2 Rxe1 32. Qxe1 Kf7 33.
Qc3 Rd7 34. Qc4+ Kg7 35. Qf4 a6 36. Qa4 Nfd4 37. Qa1 1-0

[Event "Women's Speed Chess Q2"]
[Site "chess.com INT"]
[Date "2020.06.19"]
[Round "5"]
[White "Bodnaruk, Anastasia"]
[Black "Yu, Jennifer"]
[Result "0-1"]
[WhiteTitle "IM"]
[BlackTitle "FM"]
[WhiteElo "2411"]
[BlackElo "2315"]
[WhiteFideId "4181751"]
[BlackFideId "2078341"]
[EventDate "2020.06.19"]

1. e4 e5 2. Nf3 Nc6 3. Bc4 Bc5 4. d3 Nf6 5. Bg5 h6 6. Bh4 d6 7. c3 g5 8. Bg3 Bg4
9. b4 Bb6 10. Nbd2 Qe7 11. a4 a5 12. b5 Nd8 13. Nf1 Ne6 14. Ne3 Nf4 15. Nxg4
Nxg4 16. Rg1 O-O-O 17. Qc2 Nh5 18. Rf1 Nxg3 19. hxg3 Rhf8 20. O-O-O f5 21. Rd2
Kb8 22. Re1 fxe4 23. dxe4 Nxf2 24. Rxf2 Bxf2 25. Qxf2 g4 26. Kb2 gxf3 27. gxf3
Qf6 28. Rf1 Rd7 29. g4 Rg7 30. Qd2 Qf4 31. Qd5 Qh2+ 32. Kb3 Rf6 33. Qd3 Qf4 34.
Qe2 Qg5 35. Qd3 h5 36. gxh5 Qxh5 37. Rf2 Rg3 38. Qd5 Rfxf3 39. Rxf3 Qxf3 40. Qd2
Rg2 41. Qd5 Qf2 0-1

[Event "Women's Speed Chess Q2"]
[Site "chess.com INT"]
[Date "2020.06.19"]
[Round "5"]
[White "Monteiro, Sara Cristina da Silva"]
[Black "Rovira Contreras, Tairu Manuela"]
[Result "1-0"]
[WhiteTitle "WCM"]
[BlackTitle "WIM"]
[WhiteElo "1709"]
[BlackElo "2058"]
[WhiteFideId "1909860"]
[BlackFideId "3900533"]
[EventDate "2020.06.19"]

1. d4 Nf6 2. Bg5 c5 3. Nf3 Qb6 4. b3 h6 5. Bh4 g5 6. Bg3 Bg7 7. dxc5 Qxc5 8. c3
Nc6 9. e3 d6 10. Bd3 Bg4 11. O-O Nh5 12. Qd2 Bxf3 13. gxf3 Ne5 14. Be2 Nxg3 15.
fxg3 Rc8 16. b4 Qc6 17. f4 Nc4 18. Bxc4 Qxc4 19. fxg5 hxg5 20. Na3 Qxc3 21. Qf2
O-O 22. Nb5 Qe5 23. Nd4 Qe4 24. Rac1 e6 25. Nf3 Qg6 26. h4 g4 27. Nh2 f5 28. a3
Be5 29. Rfd1 a6 30. Nf1 Qh6 31. Kg2 Qg7 32. Qa2 Qe7 33. Rc2 Kf7 34. Rdc1 Qd7 35.
Qb3 Rxc2+ 36. Rxc2 Rc8 37. Rf2 Qc6+ 38. Kg1 Kf6 39. e4 Qxe4 40. Nd2 Qc2 41. Nf1 1-0

[Event "Women's Speed Chess Q2"]
[Site "chess.com INT"]
[Date "2020.06.19"]
[Round "5"]
[White "Kiolbasa, Oliwia"]
[Black "Daulyte-Cornette, Deimante"]
[Result "0-1"]
[WhiteTitle "WIM"]
[BlackTitle "IM"]
[WhiteElo "2160"]
[BlackElo "2400"]
[WhiteFideId "1154613"]
[BlackFideId "12802859"]
[EventDate "2020.06.19"]

1. e4 Nf6 2. e5 Nd5 3. d4 d6 4. Nf3 dxe5 5. Nxe5 c6 6. Bc4 Nd7 7. O-O Nxe5 8.
dxe5 Bf5 9. Re1 e6 10. Qf3 Bxc2 11. Nc3 Bb4 12. Bxd5 cxd5 13. Qg4 Qb6 14. Be3
Bc5 15. Bxc5 Qxc5 16. Rac1 Bg6 17. Ne4 Qb6 18. Nd6+ Ke7 19. Qh4+ f6 20. exf6+
Kxd6 21. Qf4+ Kd7 22. fxg7 Rhg8 23. Qf6 Qd6 24. Rcd1 Qe7 25. Rxd5+ Ke8 26. Rxe6
Rxg7 27. Rxe7+ Rxe7 28. Re5 Rxe5 29. Qxe5+ Kf7 30. Qc7+ Kf6 31. Qxb7 Re8 32. h3
Re7 33. Qc6+ Re6 34. Qc5 a6 35. b4 Bf5 36. a4 Re5 37. Qc6+ Re6 38. Qc5 Be4 39.
b5 axb5 40. axb5 Bb7 41. Qf8+ Kg6 42. Qg8+ Kf6 43. Qxh7 Be4 44. Qh4+ Ke5 45.
Qf4+ Kxf4 46. h4 Kg4 0-1

[Event "Women's Speed Chess Q2"]
[Site "chess.com INT"]
[Date "2020.06.19"]
[Round "5"]
[White "Skuhala, Barbara"]
[Black "Anu, Bayar"]
[Result "1/2-1/2"]
[WhiteTitle "WFM"]
[BlackTitle "WFM"]
[WhiteElo "2095"]
[BlackElo "2102"]
[WhiteFideId "14605465"]
[BlackFideId "4901339"]
[EventDate "2020.06.19"]

1. e4 d5 2. exd5 Qxd5 3. Nf3 Nf6 4. Be2 a6 5. d4 b5 6. a4 b4 7. c4 bxc3 8. Nxc3
Qd6 9. O-O g6 10. Bg5 Bg7 11. Qd2 O-O 12. Rac1 Nbd7 13. Bf4 Qb6 14. Rfe1 e6 15.
Ne5 Nd5 16. Nxd5 exd5 17. Nxd7 Bxd7 18. Bxc7 Qxd4 19. Qxd4 Bxd4 20. b3 Be6 21.
Bf3 Rac8 22. Red1 Bb2 23. Rc2 Be5 24. Rdc1 Bxc7 25. Rxc7 Rxc7 26. Rxc7 d4 27.
Bd1 Rb8 28. Rc1 Rb4 29. f3 a5 30. Kf2 Bxb3 31. Bxb3 Rxb3 32. Rc5 Rb2+ 33. Kg3 d3
34. Rxa5 d2 35. Rd5 Ra2 36. a5 Rxa5 37. Rxd2 Kg7 38. h4 h5 39. Rd7 Kf6 40. Rb7
Ra4 41. Rb6+ Kg7 42. Kh3 f6 43. Rb7+ Kh6 44. Rf7 Ra6 45. g4 hxg4+ 46. fxg4 Ra3+
47. Kg2 Ra6 48. Kg3 Ra3+ 49. Kf2 Ra2+ 50. Kf3 Ra3+ 51. Kf2 Ra4 52. Kg3 Ra3+ 53.
Kf4 Ra4+ 54. Kf3 Ra3+ 55. Kg2 Ra4 56. Kh3 Ra3+ 57. Kh2 Ra4 58. Rxf6 Rxg4 59. Kh3
Ra4 60. Rb6 Ra5 61. Kg4 Ra4+ 62. Kg3 Ra5 63. Kg4 Ra4+ 64. Kg3 Ra5 65. Kg4 1/2-1/2

[Event "Women's Speed Chess Q2"]
[Site "chess.com INT"]
[Date "2020.06.19"]
[Round "5"]
[White "Mudodo, Refiloe Hazel"]
[Black "Bogumil, Tatiana"]
[Result "0-1"]
[WhiteTitle "WCM"]
[BlackTitle "WGM"]
[WhiteElo "1543"]
[BlackElo "2182"]
[WhiteFideId "11000821"]
[BlackFideId "4110579"]
[EventDate "2020.06.19"]

1. e4 g6 2. d4 Bg7 3. Be3 d6 4. Nc3 c6 5. Qd2 b5 6. f3 a5 7. Bd3 Nd7 8. Nge2 Nb6
9. O-O Nc4 10. Bxc4 bxc4 11. b3 Ba6 12. d5 c5 13. Rad1 Qc7 14. Kh1 h6 15. Ng1
cxb3 16. cxb3 Bxf1 17. Rxf1 Nf6 18. Rc1 Nd7 19. Nge2 Qb7 20. Nd1 Qa6 21. Nb2 Ne5
22. Nc4 a4 23. Nf4 axb3 24. axb3 O-O 25. Nd3 Nxd3 26. Qxd3 Qa2 27. h3 Rfb8 28.
Qb1 Qxb1 29. Rxb1 Ra1 30. Rxa1 Bxa1 31. Nd2 Kh7 32. Kg1 Bc3 33. Kf2 Bxd2 34.
Bxd2 Rxb3 35. Ke2 g5 36. Kd1 f6 37. Kc2 Ra3 38. Kb2 Ra6 39. Kb3 Kg6 40. Kc4 Rb6
41. Kc3 Rb1 42. Kc2 Rg1 43. g4 h5 44. gxh5+ Kxh5 0-1

[Event "Women's Speed Chess Q2"]
[Site "chess.com INT"]
[Date "2020.06.19"]
[Round "5"]
[White "Hryzlova, Sofiia"]
[Black "Koridze, Lile"]
[Result "1-0"]
[BlackTitle "WFM"]
[WhiteElo "1940"]
[BlackElo "1996"]
[WhiteFideId "14174669"]
[BlackFideId "13612514"]
[EventDate "2020.06.19"]

1. c4 e5 2. Nc3 Nf6 3. Nf3 Nc6 4. e4 Be7 5. d4 exd4 6. Nxd4 d6 7. Be2 O-O 8. O-O
Bd7 9. h3 Nxd4 10. Qxd4 c6 11. Be3 Qc7 12. Rad1 Be6 13. b3 a6 14. f4 b5 15. Bf3
Rab8 16. e5 dxe5 17. fxe5 Nd7 18. Be4 Bc5 19. Qd3 Qb6 20. Rde1 Nxe5 21. Bxh7+
Kh8 22. Qe4 Bxe3+ 23. Rxe3 Nd7 24. Kh1 g6 25. Qh4 Kg7 26. Bxg6 fxg6 27. Qe7+ Rf7
28. Rxf7+ Bxf7 29. Rf3 Rf8 30. Qxd7 bxc4 31. bxc4 Qb2 32. Qd4+ Kg8 33. Qg4 Qc1+
34. Kh2 Re8 35. Ne4 Kg7 36. Nd6 Re7 37. Qd4+ Kg8 38. Nxf7 Rxf7 39. Qd8+ Kh7 40.
Rxf7+ Kh6 41. Qh8+ Kg5 42. Qf6+ Kh5 43. g4+ Kh6 44. Qh4# 1-0

[Event "Women's Speed Chess Q2"]
[Site "chess.com INT"]
[Date "2020.06.19"]
[Round "5"]
[White "Osmanodja, Filiz"]
[Black "Mukhina, Jana"]
[Result "1-0"]
[WhiteTitle "WGM"]
[BlackTitle "WFM"]
[WhiteElo "2293"]
[BlackElo "2068"]
[WhiteFideId "24633569"]
[BlackFideId "34115428"]
[EventDate "2020.06.19"]

1. e4 e5 2. Nf3 Nc6 3. Bb5 a6 4. Ba4 Nf6 5. O-O d6 6. c3 Bd7 7. d4 g6 8. Bg5 Bg7
9. Nbd2 h6 10. Bh4 b5 11. Bb3 O-O 12. a4 Bg4 13. axb5 axb5 14. Rxa8 Qxa8 15. h3
Bc8 16. Bxf6 Bxf6 17. Bd5 Bb7 18. Qb3 Na5 19. Qxb5 c6 20. Qb6 Bd8 21. Bxf7+ Rxf7
22. Qb4 Qc8 23. Qxd6 Bc7 24. Qxg6+ Rg7 25. Qxh6 exd4 26. cxd4 Qf8 27. Qh5 Qf4
28. Ra1 Bc8 29. Qe8+ Kh7 30. Qxc8 Qh6 31. Qf5+ Kh8 32. Qc8+ Kh7 33. Qf5+ Kh8 34.
Rxa5 Bxa5 35. Qxa5 Qxh3 36. Qd8+ Kh7 37. Qh4+ Qxh4 38. Nxh4 Rg4 39. Nhf3 Rg8 40.
Kh2 Rb8 41. Nc4 Rb4 42. Nfe5 1-0

[Event "Women's Speed Chess Q2"]
[Site "chess.com INT"]
[Date "2020.06.19"]
[Round "5"]
[White "Zavivaeva, Evelina"]
[Black "Rivera, Ingris"]
[Result "0-1"]
[WhiteTitle "WCM"]
[BlackTitle "WIM"]
[WhiteElo "1619"]
[BlackElo "2249"]
[WhiteFideId "44127839"]
[BlackFideId "4402472"]
[EventDate "2020.06.19"]

1. e4 c5 2. c3 Nf6 3. e5 Nd5 4. d4 cxd4 5. Nf3 Nc6 6. cxd4 e6 7. Nc3 Nxc3 8.
bxc3 d6 9. Bb5 Bd7 10. Qe2 Qa5 11. Bd2 Nxe5 12. Bxd7+ Nxd7 13. O-O Be7 14. c4
Qh5 15. Rab1 b6 16. Rfe1 O-O 17. Bf4 Nf6 18. Nd2 Qxe2 19. Rxe2 d5 20. Be5 Rac8
21. cxd5 Nxd5 22. Nf3 Bf6 23. Bxf6 gxf6 24. Ree1 Rfd8 25. Rbc1 Kf8 26. Red1 Ke7
27. Kf1 a6 28. Re1 b5 29. g3 Nb4 30. a3 Nd3 31. Rxc8 Rxc8 32. Rd1 Rc1 33. Rxc1
Nxc1 34. Nd2 Nd3 35. Ke2 Nb2 36. f4 f5 37. Ke3 Kd6 38. Ke2 Nc4 0-1

[Event "Women's Speed Chess Q2"]
[Site "chess.com INT"]
[Date "2020.06.19"]
[Round "5"]
[White "Dordzhieva, Dinara"]
[Black "Swati, Mohota"]
[Result "1-0"]
[WhiteTitle "WIM"]
[BlackTitle "WFM"]
[WhiteElo "2354"]
[BlackElo "2027"]
[WhiteFideId "24157570"]
[BlackFideId "5006511"]
[EventDate "2020.06.19"]

1. d4 d5 2. Nf3 Nf6 3. c4 c6 4. g3 e6 5. Bg2 Be7 6. O-O O-O 7. Nc3 Nbd7 8. Qd3
b6 9. e4 dxe4 10. Nxe4 Bb7 11. Rd1 Rc8 12. Nxf6+ Nxf6 13. Qc2 Qc7 14. Bf4 Bd6
15. Bxd6 Qxd6 16. c5 Qe7 17. Ne5 Nd5 18. Rac1 bxc5 19. dxc5 Rfd8 20. Qa4 a6 21.
Qa5 f6 22. Nc4 Rc7 23. Nd6 Bc8 24. Re1 Rcd7 25. Qa4 Rxd6 26. cxd6 Qxd6 27. Qxc6
Qxc6 28. Rxc6 e5 29. Bxd5+ Rxd5 30. Rxc8+ Kf7 31. Rec1 Kg6 32. h4 Rd2 33. R1c2
Rd1+ 34. Kg2 h5 35. Ra8 e4 36. Rxa6 Kh7 37. Ra7 Kh6 38. Rcc7 Rd2 39. Re7 Rxb2
40. a4 f5 41. a5 Ra2 42. a6 Kg6 43. Re6+ Kh7 44. Rae7 Kg8 45. a7 Kh7 46. Rd7 Ra3
47. Re8 Ra5 48. a8=Q Rxa8 49. Rxa8 e3 50. fxe3 f4 51. exf4 Kh6 52. Ra6+ Kh7 53.
Raa7 Kh6 54. f5 g6 55. Rh7# 1-0

[Event "Women's Speed Chess Q2"]
[Site "chess.com INT"]
[Date "2020.06.19"]
[Round "5"]
[White "Socko, Monika"]
[Black "Khalafova, Narmin"]
[Result "1/2-1/2"]
[WhiteTitle "GM"]
[BlackTitle "WGM"]
[WhiteElo "2428"]
[BlackElo "2279"]
[WhiteFideId "1106619"]
[BlackFideId "13402625"]
[EventDate "2020.06.19"]

1. d4 g6 2. c4 Bg7 3. e4 d6 4. Nc3 e5 5. dxe5 dxe5 6. Qxd8+ Kxd8 7. Be3 Be6 8.
O-O-O+ Nd7 9. Nf3 h6 10. Be2 c6 11. Rd2 Kc7 12. Rhd1 Ngf6 13. h3 Bf8 14. a3 Bc5
15. b4 Bxe3 16. fxe3 a5 17. Kb2 Nh7 18. Rc1 Rhd8 19. Nd5+ Kb8 20. Nb6 axb4 21.
Nxa8 bxa3+ 22. Kxa3 Kxa8 23. Kb4 Nhf6 24. Bd3 Kb8 25. Rcd1 Kc7 26. Bc2 Ra8 27.
Bb3 Ra7 28. Bc2 Ra8 29. Rd3 Ra7 30. Ra3 Rxa3 31. Kxa3 Nc5 32. Nd2 b6 33. Kb4
Nfd7 34. Ra1 Kb7 35. Nb3 Na6+ 36. Kc3 Nac5 37. Nxc5+ Nxc5 38. Rf1 Kc7 39. g4 Kb7
40. Rg1 Kc7 41. h4 Kb7 42. g5 h5 43. Ra1 Kb8 44. Rd1 Kc7 45. Rf1 Kb7 46. Kd2 Kc7
47. Kc3 Kb7 48. Bd3 Kc7 49. Ra1 Kb7 50. Ra2 Kb8 51. Rf2 Kc7 52. Bc2 Kb7 53. Rd2
Kc7 54. Rd1 Kc8 55. Kb4 Kc7 56. Ra1 Kb7 57. Rd1 Kc7 58. Rd2 Kc8 59. Ba4 Kc7 60.
Bc2 Kc8 61. Rf2 Kc7 62. Rf1 1/2-1/2

[Event "Women's Speed Chess Q2"]
[Site "chess.com INT"]
[Date "2020.06.19"]
[Round "5"]
[White "Mamedjarova, Zeinab"]
[Black "Kanyamarala, Trisha"]
[Result "0-1"]
[WhiteTitle "WGM"]
[BlackTitle "WIM"]
[WhiteElo "2274"]
[BlackElo "2193"]
[WhiteFideId "13401521"]
[BlackFideId "45004722"]
[EventDate "2020.06.19"]

1. d4 Nf6 2. Nf3 d5 3. e3 e6 4. Bd3 c5 5. O-O c4 6. Be2 a6 7. b3 b5 8. a4 Bb7 9.
axb5 axb5 10. Rxa8 Bxa8 11. Bb2 Nbd7 12. bxc4 bxc4 13. Nc3 Bb4 14. Qa1 O-O 15.
Ne5 Nxe5 16. dxe5 Nd7 17. Nb5 Bc6 18. Nd4 Qa8 19. f4 Nc5 20. f5 Qxa1 21. Rxa1 c3
22. Bc1 Bd7 23. f6 gxf6 24. exf6 e5 25. Nf3 Re8 26. h3 Ba4 27. g4 Bxc2 28. Nxe5
Nb3 29. Ra2 Bb1 30. Ra4 Nxc1 31. Rxb4 Nxe2+ 32. Kf2 c2 33. Nd3 Nc3 34. Rb3 Na2
35. Ke1 Rxe3+ 36. Kf2 Re8 37. Rb7 h6 38. Rc7 Rd8 39. Ke3 d4+ 40. Kd2 Nc3 41. h4
Re8 42. Nc1 Rd8 0-1

[Event "Women's Speed Chess Q2"]
[Site "chess.com INT"]
[Date "2020.06.19"]
[Round "5"]
[White "Khomeriki, Nino"]
[Black "Li, Xueyi"]
[Result "1-0"]
[WhiteTitle "WGM"]
[BlackTitle "WGM"]
[WhiteElo "2319"]
[BlackElo "2328"]
[WhiteFideId "13603191"]
[BlackFideId "8605912"]
[EventDate "2020.06.19"]

1. d4 Nf6 2. c4 e6 3. Nf3 d5 4. Nc3 c6 5. e3 Nbd7 6. Bd3 dxc4 7. Bxc4 b5 8. Bd3
Bb7 9. O-O Bd6 10. e4 e5 11. Bg5 O-O 12. Rc1 a6 13. Kh1 Qc7 14. Nd5 cxd5 15.
Rxc7 Bxc7 16. Nxe5 dxe4 17. Nxd7 Nxd7 18. Bb1 Bd5 19. Bc2 h6 20. Bd2 Nf6 21. Bb3
Rfd8 22. Bxd5 Rxd5 23. Be3 Bb6 24. Qc2 Bxd4 25. Bxd4 Rxd4 26. Qc6 Rdd8 27. h3
Rdc8 28. Qb7 Rcb8 29. Qe7 Re8 30. Qb4 Reb8 31. Re1 a5 32. Qd6 b4 33. Rc1 Rd8 34.
Qe5 a4 35. Rc7 b3 36. a3 Rf8 37. Kh2 Rae8 38. Qd4 Ra8 39. Ra7 Rxa7 40. Qxa7 Rd8
41. Qxa4 Rd2 42. Qxb3 Rxf2 43. a4 Re2 44. a5 1-0